Elements of basic Fortran IV programming: as implemented on the IBM 1130-1800 computers
-д хадгалсан:
| Үндсэн зохиолч: | |
|---|---|
| Формат: | Ном |
| Хэл сонгох: | англи |
| Хэвлэсэн: |
Nueva York
Holt, Rinehart and Winston
1969
|
| Нөхцлүүд: | |
| Шошгууд: |
Шошго нэмэх
Шошго байхгүй, Энэхүү баримтыг шошголох эхний хүн болох!
|
MARC
| LEADER | 00000nam a2200000 a 4500 | ||
|---|---|---|---|
| 001 | UCQ1740 | ||
| 003 | CL-VaPUC | ||
| 008 | 980721e19690000US |||||||||||||||||eng|d | ||
| 082 | 0 | 4 | |a 005.133 |b PRI |2 21 |
| 100 | 0 | |a Price, Wilson T |e author |9 415501 | |
| 245 | 1 | 0 | |a Elements of basic Fortran IV programming: as implemented on the IBM 1130-1800 computers |
| 300 | |a 387 p | ||
| 942 | |c BK | ||
| 945 | |d 19980721 00:00:00 |a cmena | ||
| 260 | |a Nueva York |b Holt, Rinehart and Winston |c 1969 | ||
| 650 | 0 | |a Lenguajes de programación |9 259458 | |
| 650 | 0 | |a Computadores |9 258188 | |
| 650 | 7 | |a FORTRAN IV |2 CL-VaPUC |9 415502 | |
| 650 | 0 | |a Métodos de enseñanza |9 270413 | |
| 650 | 0 | |a Almacenamiento de información |9 415480 | |
| 650 | 0 | |a Bases de datos |9 260577 | |
| 583 | |a last modification |c 19980721 00:00:00 |k Rodrigo Vera | ||
| 999 | |c 272584 |d 272582 | ||
| 952 | |0 0 |1 0 |4 0 |6 005_133000000000000_PRI_1969 |7 0 |8 P |9 307695 |a BIBGIM |b BIBGIM |d 2019-11-20 |i 1437569 |o 005.133 PRI 1969 |p 1437569 |r 2025-01-15 |w 2019-11-20 |y BK |k COM | ||